Welcome to WEB OPAC of MRSPTU Central Library

An Introduction to Operations Research (Record no. 6746)

MARC details
000 -LEADER
fixed length control field 00503nam a2200181Ia 4500
008 - FIXED-LENGTH DATA ELEMENTS--GENERAL INFORMATION
fixed length control field 230711s9999||||xx |||||||||||||| ||und||
020 ## - INTERNATIONAL STANDARD BOOK NUMBER
International Standard Book Number 978-93-392-2185-0
041 ## - LANGUAGE CODE
Language code of text/sound track or separate title ENG
082 ## - DEWEY DECIMAL CLASSIFICATION NUMBER
Classification number 658.4034
Item number HI-I
100 ## - MAIN ENTRY--PERSONAL NAME
Personal name Hiller,Frederick S
245 #3 - TITLE STATEMENT
Title An Introduction to Operations Research
250 ## - EDITION STATEMENT
Edition statement 10th Ed.
260 ## - PUBLICATION, DISTRIBUTION, ETC.
Date of publication, distribution, etc. 2017
Place of publication, distribution, etc. New Delhi
Name of publisher, distributor, etc. McGraw Hill Education(India) Private Limited
300 ## - PHYSICAL DESCRIPTION
Extent 1183p.
650 ## - SUBJECT ADDED ENTRY--TOPICAL TERM
Topical term or geographic name entry element UNIVESITY BUSNIESS SCHOOL
700 ## - ADDED ENTRY--PERSONAL NAME
Personal name Lieberman,Gerlad J
942 ## - ADDED ENTRY ELEMENTS (KOHA)
Koha item type Book
Holdings
Withdrawn status Lost status Damaged status Not for loan Collection Home library Current library Date acquired Source of acquisition Cost, normal purchase price Inventory number Total checkouts Full call number Barcode Date last seen Price effective from Koha item type
          MRSPTU Central Library MRSPTU Central Library   Krishna Book Distributors 750.00 KBD/2017-2018/1020043059   658.4034 HI-I 40159 08/17/2023 08/17/2023 Book
          MRSPTU Central Library MRSPTU Central Library     699.00 3842517   658.4852 HI-I 32891 08/17/2023 08/17/2023 Book
          MRSPTU Central Library MRSPTU Central Library     699.00 3842517   658.4852 HI-I 32892 08/17/2023 08/17/2023 Book
          MRSPTU Central Library MRSPTU Central Library     699.00 3842517   658.4852 HI-I 32893 08/17/2023 08/17/2023 Book
          MRSPTU Central Library MRSPTU Central Library   Krishna Book Distributors 750.00 KBD/2017-2018/1020043059   658.4034 HI-I 40160 08/17/2023 08/17/2023 Book
          MRSPTU Central Library MRSPTU Central Library   Krishna Book Distributors 750.00 KBD/2017-2018/1020043059   658.4034 HI-I 40161 08/17/2023 08/17/2023 Book
          MRSPTU Central Library MRSPTU Central Library   Krishna Book Distributors 750.00 KBD/2017-2018/1020043059   658.4034 HI-I 40162 08/17/2023 08/17/2023 Book
          MRSPTU Central Library MRSPTU Central Library   Krishna Book Distributors 750.00 KBD/2017-2018/1020043059   658.4034 HI-I 40163 08/17/2023 08/17/2023 Book
          MRSPTU Central Library MRSPTU Central Library   Krishna Book Distributors 750.00 KBD/2017-2018/1020043059   658.4034 HI-I 40164 08/17/2023 08/17/2023 Book
          MRSPTU Central Library MRSPTU Central Library   Krishna Book Distributors 750.00 KBD/2017-2018/1020043059   658.4034 HI-I 40165 08/17/2023 08/17/2023 Book
          MRSPTU Central Library MRSPTU Central Library   Krishna Book Distributors 750.00 KBD/2017-2018/1020043059   658.4034 HI-I 40166 08/17/2023 08/17/2023 Book
          MRSPTU Central Library MRSPTU Central Library   Krishna Book Distributors 750.00 KBD/2017-2018/1020043059   658.4034 HI-I 40167 08/17/2023 08/17/2023 Book
          MRSPTU Central Library MRSPTU Central Library   Krishna Book Distributors 750.00 KBD/2017-2018/1020043059   658.4034 HI-I 40168 08/17/2023 08/17/2023 Book

Website Designed and Developed by MRSPTU Central Library Team

E-mail Id: librarian@mrsptu.ac.in